00346nam a2200121 a 450000500170000000800410001705000240005810000190008224500470010126000430014830000210019165000120021220140310183204.0030130s19uu xx 00 eng d aPS 1449b.C891 1962 aCrane, Stephen aThe Red badge of courage /cStephen Crane. aUSA :bAirmont Publishing Inc.,c1962. a126 p. :c18 cm. aFiction